Loading...
| Literature - American Literature | 0 | 7 | 0 | 1 | 70 | 37 | 83.43 | 3 | 7 |
| Literature - World/Other Literature | 0 | 7 | 1 | 0 | 65 | 53 | 93.43 | 1 | 4 |
| Literature - European Literature | 0 | 5 | 0 | 0 | 50 | 80 | 95.20 | 0 | 2 |
| Literature - British Literature | 0 | 4 | 1 | 0 | 35 | 53 | 85.00 | 1 | 3 |
| Science - Chemistry | 0 | 3 | 1 | 0 | 25 | 47 | 59.33 | 2 | 3 |
| Other Academic | 0 | 2 | 0 | 0 | 20 | 129 | 135.50 | 0 | 0 |
| Social Science | 0 | 1 | 0 | 0 | 10 | 64 | 64.00 | 1 | 1 |
| Geography/Current Events | 0 | 1 | 0 | 0 | 10 | 103 | 103.00 | 0 | 1 |
| History - European History | 0 | 1 | 0 | 0 | 10 | 44 | 44.00 | 1 | 1 |
| History - World History | 0 | 1 | 0 | 1 | 10 | 91 | 91.00 | 0 | 0 |
| Science - Physics | 0 | 1 | 0 | 0 | 10 | 69 | 69.00 | 0 | 0 |
| Fine Arts - Classical Music | 0 | 1 | 0 | 0 | 10 | 85 | 85.00 | 0 | 0 |
| Philosophy | 0 | 1 | 0 | 0 | 10 | 100 | 100.00 | 0 | 1 |
| Mythology | 0 | 1 | 1 | 0 | 5 | 60 | 60.00 | 0 | 1 |
| Fine Arts - Visual Fine Arts | 0 | 0 | 2 | 0 | -10 | 0.00 | 0 | 0 |